Computer, Internet and Network Systems Security (E-BOOK) (Record no. 191158)
[ view plain ]
| 000 -LEADER | |
|---|---|
| fixed length control field | 00554 a2200145 4500 |
| 003 - CONTROL NUMBER IDENTIFIER | |
| control field | Nust |
| 005 - DATE AND TIME OF LATEST TRANSACTION | |
| control field | 20170207154010.0 |
| 040 ## - CATALOGING SOURCE | |
| Transcribing agency | Nust |
| 082 ## - DEWEY DECIMAL CLASSIFICATION NUMBER | |
| Classification number | 005.8 |
| 245 ## - TITLE STATEMENT | |
| Title | Computer, Internet and Network Systems Security (E-BOOK) |
| Statement of responsibility, etc. | S.K.PARMAR, |
| 300 ## - PHYSICAL DESCRIPTION | |
| Extent | 325 p |
| 505 ## - FORMATTED CONTENTS NOTE | |
| Formatted contents note | Introduction 2 Security 16 Identification And Authentication 92 Risk Analysis. 108 Firewalls 130 Cryptography 167 Malicious Code 182 Virtual Private Networks: Introduction 202 Windows Nt Network Security 215 Unix Incident Guide 234 |
| 650 ## - SUBJECT ADDED ENTRY--TOPICAL TERM | |
| Topical term or geographic name entry element | Computer security |
| 651 ## - SUBJECT ADDED ENTRY--GEOGRAPHIC NAME | |
| Geographic name | E-BOOK |
| 942 ## - ADDED ENTRY ELEMENTS (KOHA) | |
| Source of classification or shelving scheme | |
| Koha item type | Book |
| Withdrawn status | Lost status | Source of classification or shelving scheme | Damaged status | Not for loan | Collection code | Permanent Location | Current Location | Date acquired | Total Checkouts | Full call number | Barcode | Date last seen | Price effective from | Koha item type |
|---|---|---|---|---|---|---|---|---|---|---|---|---|---|---|
| Military College of Signals (MCS) | Military College of Signals (MCS) | 12/12/2016 | 005.8 PAR | MCSEB-616 | 12/08/2016 | 12/12/2016 | Book | |||||||
| Military College of Signals (MCS) | Military College of Signals (MCS) | 12/12/2016 | 005.8 PAR | MCSEB-622 | 12/08/2016 | 12/12/2016 | Book | |||||||
| Military College of Signals (MCS) | Military College of Signals (MCS) | 12/12/2016 | 005.8 PAR | MCSEB-624 | 12/08/2016 | 12/12/2016 | Book |
